Las ciencias sociales: concepciones y procedimientos
Saved in:
| Main Authors: | , , , |
|---|---|
| Format: | Book |
| Language: | Spanish |
| Published: |
Barcelona
Graó
2002
|
| Series: | Claves para la Innovación Educativa, 14
|
| Subjects: | |
| Tags: |
Add Tag
No Tags, Be the first to tag this record!
|
MARC
| LEADER | 00000nam a2200000 a 4500 | ||
|---|---|---|---|
| 001 | UCL4883 | ||
| 003 | CL-VaPUC | ||
| 008 | 040227e20020000SP |||||||||||||||||spa|d | ||
| 020 | |a 8478272763 | ||
| 082 | 0 | 4 | |a 300.71 |b BEN |2 21 |
| 100 | 0 | |a Benejam, Pilar |e author |9 482579 | |
| 700 | 0 | |a Berges, Lucía |e author |9 482580 | |
| 700 | 0 | |a Hernández, Xavier |e author |9 482581 | |
| 700 | 0 | |a Loste, M. Antonia |e author |9 482582 | |
| 245 | 1 | 4 | |a Las ciencias sociales: concepciones y procedimientos |
| 300 | |a 132 p | ||
| 942 | |c BK | ||
| 945 | |d 20040227 00:00:00 |a cmena | ||
| 260 | |a Barcelona |b Graó |c 2002 | ||
| 650 | 0 | |a Ciencias sociales |9 256351 | |
| 650 | 0 | |a Enseñanza de las ciencias sociales |9 337823 | |
| 650 | 0 | |a Filosofía de la educación |9 258384 | |
| 650 | 0 | |a Innovaciones pedagógicas |9 307471 | |
| 583 | |a last modification |c 20040227 00:00:00 |k Rodrigo Vera | ||
| 490 | 0 | |a Claves para la Innovación Educativa, 14 | |
| 999 | |c 307638 |d 307636 | ||
| 952 | |0 0 |1 0 |4 0 |6 300_710000000000000_BEN_2002 |7 0 |8 A |9 373682 |a BIBHIS |b BIBHIS |d 2019-11-21 |i 3986292 |o 300.71 BEN 2002 |p 3986292 |r 2025-01-20 |w 2019-11-21 |y BK |k HIS | ||